000 00199 a2200109 4500
020 _a0763522376
041 _aspa
100 _aLarmont, Iann
245 _aLa Granja
942 _cBK
999 _c29598
_d29596
999 _d29596